The rising. Bitva /

Hlavní autor: Münter, Felix A., 1985-
Jazyk: Čeština
Vydáno: [Ostrava] : Jiří Reiter, nakladatelství Mytago, 2018
Vydání: Vydání první
Témata:
Fyzický popis: 271 stran ; 16 cm
Language note: Český text
Knihy
Uloženo v:
LEADER 01390nam a2200433 i 4500
001 nkc20183059289
003 CZ PrNK
005 20190108144221.0
007 ta
008 181130s2018 xr g 000 f cze
015 |a cnb003059289 
020 |a 978-80-87761-43-4  |q (brožováno) 
035 |a (OCoLC)1081397868 
040 |a BOA001  |b cze  |e rda 
041 1 |a cze  |h ger 
072 7 |a 821.112.2-3  |x Německá próza, německy psaná  |2 Konspekt  |9 25 
080 |a 821.112.2-31  |2 MRF 
080 |a (0:82-311.9)  |2 MRF 
100 1 |a Münter, Felix A.,  |d 1985-  |7 xx0219257  |4 aut 
245 1 4 |a The rising.  |p Bitva /  |c Felix A. Münter 
246 3 0 |a Bitva 
250 |a Vydání první 
264 1 |a [Ostrava] :  |b Jiří Reiter, nakladatelství Mytago,  |c 2018 
300 |a 271 stran ;  |c 16 cm 
336 |a text  |b txt  |2 rdacontent 
337 |a bez média  |b n  |2 rdamedia 
338 |a svazek  |b nc  |2 rdacarrier 
500 |a Přeloženo z němčiny? 
546 |a Český text 
655 7 |a německé romány  |7 fd132945  |2 czenas 
655 7 |a vědecko-fantastické romány  |7 fd133847  |2 czenas 
655 9 |a German fiction  |2 eczenas 
655 9 |a science fiction novels  |2 eczenas 
910 2 |a BOA001  |b 1-1417.423 
928 9 |a Mytago 
990 |a BK 
995 |a 01 
991 |b 201812  |c NOV 
996 6 |b 2610763995  |c 1-1417.423  |l MZK  |r Sklad / do 1 hodiny  |n 0  |p p.v.  |w 001697939  |u 000010  |a 1  |e BOA001  |j MZK50  |s P